Statistics for INXS songs on the Billboard Hot 100 (USA)

Click here to take the quiz!

General Stats

  • This quiz has been taken 126 times
  • The average score is 8 of 18

Answer Stats

Peak Chart Position and YearAnswer% Correct
7, 1988Never Tear Us Apart
92%
1, 1988Need You Tonight
85%
9, 1990Suicide Blonde
70%
3, 1988New Sensation
66%
2, 1988Devil Inside
59%
58, 1984Original Sin
51%
5, 1986What You Need
49%
54, 1986Listen Like Thieves
45%
8, 1991Disappear
42%
80, 1983Don't Change
41%
47, 1987 (with Jimmy Barnes)Good Times
39%
46, 1993Beautiful Girl
38%
30, 1983The One Thing
38%
37, 2005Pretty Vegas
28%
46, 1991Bitter Tears
24%
77, 1984I Send a Message
20%
81, 1985This Time
16%
28, 1992Not Enough Time
14%

Score Distribution

Percentile by Number Answered

Percent of People with Each Score

Your Score History

You have not taken this quiz